Alumbrado público exterior (Registro nro. 8826)

Detalles MARC
000 -CABECERA
Campo de control 01097nam a2200301 a 4500
005 - FECHA Y HORA DE LA ULTIMA TRANSACCION
Campo de control 20141126122450.0
008 - ELEMENTOS DE LONGITUD FIJA—INFORMACION GENERAL
Campo de control 120217s2007 ck a gr 00000 spa d
015 ## - NATIONAL BIBLIOGRAPHY NUMBER
National bibliography number ck-2007-xxxx
020 ## - ISBN
ISBN 9789588363011
040 ## - FUENTE DE CATALOGACIÓN
Agencia catalogadora original CO-BoIH
Agencia transcriptora CO-BoIH
041 0# - IDIOMA
Código de idioma para texto/pista de sonido o título separado Español
043 ## - GEOGRAPHIC AREA CODE
Geographic area code s-ck---
044 ## - PAÍS DE PUBLICACIÓN
País de publicación Colombia
082 04 - NUMERO DE CLASIFICACION DECIMAL DEWEY
Número de clasificación
090 ## - CLASIFICACIÓN LOCAL
Colección EA
Consecutivo 00164
110 1# - ASIENTO PRINCIPAL--NOMBRE CORPORATIVO
Nombre corporativo o de jurisdicción como elemento de entrada Colombia.
Unidad subordinad Ministerio de Minas y Energía.
-- Unidad de Planeación Minero Energética.
245 10 - MENCION DE TITULO
Título Alumbrado público exterior
Mención de responsabilidad Unidad de Planeación Minero Energética.
Parte restante del título Guía didáctica para el buen uso de la energía
260 ## - PUBLICACION, DISTRIBUCION, ETC. (PIE DE IMPRENTA)
Lugar de publicación, distribución, etc. Bogotá D.C :
Nombre del editor, distribuidor, etc. Unidad de Planeación Minero Energética-UPME,
-- Universidad Nacional de Colombia,
Fecha de publicación, distribución, etc. 2007.
300 ## - DESCRIPCION FISICA
Extensión 28 pag.
Otros detalles físicos Il.
Dimensiones 27 cm.
504 ## - NOTA DE BIBLIOGRAFIA, ETC.
Nota de bibliografía Incluye referencias bibliográficas (pag 28)
650 #4 - ASIENTO SECUNDARIO DE MATERIA - TERMINO TEMATICO
Término temático o nombre geográfico como elemento de entrada Alumbrado público.
650 ## - ASIENTO SECUNDARIO DE MATERIA - TERMINO TEMATICO
Término temático o nombre geográfico como elemento de entrada Servicios públicos.
650 #4 - ASIENTO SECUNDARIO DE MATERIA - TERMINO TEMATICO
Término temático o nombre geográfico como elemento de entrada Utilización de la energía
Subdivisión geográfica Colombia
Subdivisión de forma Guías.
650 #4 - ASIENTO SECUNDARIO DE MATERIA - TERMINO TEMATICO
Término temático o nombre geográfico como elemento de entrada Consumo de energías
Subdivisión geográfica Colombia
Subdivisión de forma Guías.
942 ## - ELEMENTOS ADICIONALES (KOHA)
Sistema de clasificación Local
Tipo de ítem Libro
Existencias
Withdrawn status Lost status Sistema de Clasificación Damaged status No para préstamo Colección Inventariado Ubicación Permanente Ubicación actual Fecha de adquisición Fuente de Valor Valor Total Checkouts Número topográfico Inventario / Código de Barras Date last seen Ejemplar Price effective from Forma de adquisición Tipo de material
    Local     Educación Ambiental Inventariado 2017 Sala Fabio Quevedo Sala Fabio Quevedo 26/11/2014 Instituto 39000.00   EA-00164 034900 26/11/2014 Ej. 1 26/11/2014   Libro